| 000 | 01953cam a22004694i 4500 | ||
|---|---|---|---|
| 003 | PE-LiUPU | ||
| 005 | 20250731173421.0 | ||
| 008 | 150706s2009 flu r 000 0 spa d | ||
| 020 | _a9780829750768 | ||
| 035 | _a(Sirsi) i9780829750768 | ||
| 040 |
_aPE-LiUPU _bspa _cPE-LiUPU _erda |
||
| 049 | _aPRUA | ||
| 082 | 0 | 4 |
_a226.1 _bA74 _221 |
| 130 |
_aBiblia. _pN.T. _pEvangelios. _lInglés. _sNueva Internacional _kSelecciones. _f1981. |
||
| 245 | 1 | 0 |
_aArmonía de los evangelios : _bnueva versión internacional / _ceditado por J. Dwinght Pentecost. |
| 264 | 1 |
_aFlorida : _bVida, _c2009. |
|
| 300 |
_a211 páginas ; _c23 centímetros |
||
| 336 |
_atext _2rdacontent |
||
| 337 |
_aunmediated _2rdamedia |
||
| 338 |
_avolume _2rdacarrier |
||
| 505 | 0 | _aLa presentación del Rey -- La autenticación del Rey -- La controversia con respecto al Rey -- El Rey instruye a los doce -- Oposición contra el Rey -- El Rey prepara a los discípulos -- Presentación oficial del Rey -- Preparativos antes de la muerte del Rey -- El Rey es rechazado -- El Rey resucita. | |
| 526 | _aSEG42 | ||
| 526 | _aSEG41 | ||
| 526 | _aSEG40 | ||
| 526 | _aSEG39 | ||
| 526 | _aP94 | ||
| 526 | _aP87 | ||
| 526 | _aP86 | ||
| 526 | _aP85 | ||
| 526 | _aP77 | ||
| 526 | _aP76 | ||
| 526 | _aP35 | ||
| 541 | _g001-0000589; | ||
| 630 | 0 | 4 |
_aBiblia. _pN.T. _pEvangelios. _lInglés. _sNueva Internacional _kSelecciones. _f1981. |
| 700 | 1 |
_aPentecost, J. Dwight, _eeditor. |
|
| 910 |
_agl _bjv _clch _d20120624 |
||
| 942 |
_2ddc _cBOOK |
||
| 949 |
_a226.1 A74 _wDEWEY _c1 _i64943 _lCCODEBUL1 _mBUL _p15.00 _r0 _sY _tBOOK _u2015-7-6 _xTEOLOGIA _PP35 _o.STAFF. Colección General |
||
| 994 |
_aC0 _bPEPRU |
||
| 596 | _a1 | ||
| 999 |
_a226.1 A74 _wDEWEY _c53651 _i64943 _f2021-11-9 _g5 _lCCODEBUL1 _mBUL _p15.00 _r0 _sY _tBOOK _u2015-7-6 _xTEOLOGIA _PP35 _0COMPRA _o.STAFF. Colección Teología _d53651 |
||
| 980 |
_81 _gALBERTO SANCHEZ Responsable de Automatización |
||